South Eastern Kenya University

Library Online Public Access Catalogue


Lupus : (Record no. 14918)

MARC details
000 -LEADER
fixed length control field 00767cam a2200241 a 4500
001 - CONTROL NUMBER
control field 17134217
003 - CONTROL NUMBER IDENTIFIER
control field OSt
005 - DATE AND TIME OF LATEST TRANSACTION
control field 20160531094513.0
008 - FIXED-LENGTH DATA ELEMENTS--GENERAL INFORMATION
fixed length control field 120125s2012 nyua b 001 0 eng
010 ## - LIBRARY OF CONGRESS CONTROL NUMBER
LC control number 2012931745
020 ## - INTERNATIONAL STANDARD BOOK NUMBER
International Standard Book Number 9781620810781 (hardcover)
040 ## - CATALOGING SOURCE
Original cataloging agency SEKU
042 ## - AUTHENTICATION CODE
Authentication code pcc
050 00 - LIBRARY OF CONGRESS CALL NUMBER
Classification number RC 924.5
Item number L8 2012
245 00 - TITLE STATEMENT
Title Lupus :
Remainder of title symptoms, treatment and potential complications /
Statement of responsibility, etc. Thiago Devesa Marquez and Davi Urgeiro Neto, editors.
260 ## - PUBLICATION, DISTRIBUTION, ETC. (IMPRINT)
Place of publication, distribution, etc. New York :
Name of publisher, distributor, etc. Nova Science Publishers,
Date of publication, distribution, etc. c2012.
300 ## - PHYSICAL DESCRIPTION
Extent xi, 219 p. :
Other physical details ill. ;
Dimensions 26 cm.
504 ## - BIBLIOGRAPHY, ETC. NOTE
Bibliography, etc Includes bibliographical references and index.
650 #0 - SUBJECT ADDED ENTRY--TOPICAL TERM
Topical term or geographic name as entry element Systemic lupus erythematosus.
700 1# - ADDED ENTRY--PERSONAL NAME
Personal name Marquez, Thiago Devesa.
700 1# - ADDED ENTRY--PERSONAL NAME
Personal name Neto, Davi Urgeiro
942 ## - ADDED ENTRY ELEMENTS (KOHA)
Source of classification or shelving scheme Library of Congress Classification
Koha item type General circulation
Holdings
Withdrawn status Lost status Source of classification or shelving scheme Damaged status Not for loan Home library Current library Shelving location Date acquired Source of acquisition Total Checkouts Full call number Barcode Date last seen Price effective from Koha item type Public note
    Library of Congress Classification     Main Campus Library Main Campus Library General Stacks 31/05/2016 Donation-books for Africa   RC 924.5 L8 2012 2016/018269 31/05/2016 31/05/2016 General circulation A.K.
Kitui, Kenya.
+254736116989
library@seku.ac.ke